000 00616nam a22002057a 4500
003 OSt
008 251203b |||||||| |||| 00| 0 eng d
082 _a632.951
_bV70E
100 _aVijay Kumar
245 _aEvaluation of Insecticides Against Leucinodes orbonalis Guen. in Brinjal and Residues of Cypermethrin and Deltamethrin in/ on Brinjal Fruits
260 _a.- Pusa, Samastipur
_b: RAU
_c, 2003
300 _a39p.
650 _aEntomology and Agricultural Zoology
650 _aBrinjal
650 _aInsecticides
650 _aBrinjal Fruits
650 _aThesis
650 _aM. Sc.
942 _2ddc
_cT
999 _c49295
_d49295